000 01018nas a2200337 4500
001 BR0205557
003 BR-BrBNA
005 20231205103357.0
007 ta
008 230509b bl.|||p| |||| 00| 00por d
040 _aBR-BrBNA
_bpor
_cBiblioteca Nacional de Agricultura
041 _a(Pt)
072 _aH20
100 1 _aJaimes, E.P.G.
100 1 _aSouza, P.S. de
100 1 _aWickert, E.
100 1 _aDonadio, L.C.
245 1 _aAvaliação da resistência à Xylella fastidiosa em germoplasma de tangerina e híbridos introduzidos da Itália e Córsega
650 _aTANGERINA
650 _aLARANJA DOCE
650 _aXYLELLA FASTIDIOSA
650 _aCLOROSE
650 _aHÍBRIDO
650 _aGERMOPLASMA
650 _aINOCULAÇÃO
650 _aVARIEDADE RESISTENTE
650 _aSÃO PAULO
773 0 _tRevista Brasileira de Fruticultura (Brazil)
_xISSN 0100-2945
_g(Aug 2002), v. 24(2) p. 579-582
_wBR0205557
909 _a202311
_bLúcia
_c55
_dLúcia Elande
942 _2AGRIS
_n0
_cANA
999 _c172541
_d172541